Statistiken für Hauptstädte Asiens Quiz

Klicken Sie hier um das Quiz zu spielen!

Allgemein

  • Dieses Quiz wurde 11,373 mal gespielt
  • Das Durchschnittsergebnis liegt bei 29 aus 48

Antwortstatistiken

Land Hauptstadt % Korrekt
ChinaPeking
94%
JapanTokio
94%
IsraelJerusalem
89%
IndienNeu-Delhi
88%
AfghanistanKabul
85%
SüdkoreaSeoul
85%
TürkeiAnkara
85%
IrakBagdad
83%
SingapurSingapur
82%
IranTeheran
82%
IndonesienJakarta
75%
ThailandBangkok
75%
AserbaidschanBaku
74%
SyrienDamaskus
70%
NordkoreaPjöngjang
69%
VietnamHanoi
68%
Saudi-ArabienRiad
68%
PhilippinenManila
68%
PakistanIslamabad
68%
MalaysiaKuala Lumpur
65%
GeorgienTiflis
65%
MongoleiUlaanbaatar
65%
Vereinigte Arabische
Emirate
Abu Dhabi
63%
ZypernNikosia
62%
KasachstanNur-Sultan
61%
LibanonBeirut
60%
MaledivenMalé
59%
KuwaitKuwait-Stadt
59%
NepalKathmandu
59%
TaiwanTaipeh
59%
ArmenienJerewan
57%
BangladeschDhaka
56%
KatarDoha
55%
JemenSanaa
54%
JordanienAmman
54%
KambodschaPhnom Penh
50%
OmanMaskat
42%
BahrainManama
41%
OsttimorDili
40%
UsbekistanTaschkent
40%
LaosVientiane
40%
KirgisistanBischkek
38%
TadschikistanDuschanbe
35%
BhutanThimphu
31%
BruneiBandar Seri
Begawan
28%
TurkmenistanAşgabat
27%
BirmaNaypyidaw
21%
Sri LankaSri Jayawardenepura
Kotte
21%

Verteilung der Resultate

Perzentil nach korrekt beantworteten Fragen

Anzahl Personen mit jedem Resultat

Ihre Resultats-Entwicklung

Sie haben dieses Quiz noch nicht gespielt